Awareness and union with God: The Gita and Christian perspective (Record no. 20498)

MARC details
000 -LEADER
fixed length control field 00374nam a22001337a 4500
020 ## - INTERNATIONAL STANDARD BOOK NUMBER
ISBN 81-87886-60-9
082 ## - DEWEY DECIMAL CLASSIFICATION NUMBER
Classification number 291.4 DSO
100 ## - MAIN ENTRY--AUTHOR NAME
Author name D'Souza, Rudolf V.
245 ## - TITLE STATEMENT
Title Awareness and union with God: The Gita and Christian perspective
260 ## - PUBLICATION, DISTRIBUTION, ETC. (IMPRINT)
Place of publication Anand, Gujarat
Name of publisher Gujarat Sahitya Prakash
Year of publication 2002
300 ## - PHYSICAL DESCRIPTION
Number of Pages 113
650 ## - SUBJECT ADDED ENTRY--TOPICAL TERM
Topical Term Religious experience and life
942 ## - ADDED ENTRY ELEMENTS (KOHA)
Koha item type Books
Holdings
Home library Current library Shelving location Date acquired Cost, normal purchase price Full call number Accession Number Koha item type
Henry Martyn Institute Library Henry Martyn Institute Library General stacks 08/22/2014 65.00 291.4 DSO 24696 Books
                   Copyright © 2026 | Henry Martyn Institute | Hyderabad | TS-500052 | INDIA | Implemented by hmi.edu.in
Hit-Count:

Powered by Koha